| 000 | 01342nam0a22003011 4500 | ||
|---|---|---|---|
| 001 | rc\3560777 | ||
| 005 | 20260407122937.0 | ||
| 021 |
_aRU _b76-ОЭ-186 |
||
| 021 |
_aRU _bРг12621-76 |
||
| 035 | _a(NLR Aleph) 007685570 | ||
| 090 |
_a6585181 _c6585181 |
||
| 100 | _a20130115d1976 |||y0rusy50 ca | ||
| 101 | 0 | _arus | |
| 102 | _aRU | ||
| 105 | _ay z ||||| | ||
| 200 | 1 |
_aНаучно-технический прогресс, стандартизация и качество продукции машиностроения в десятой пятилетке _e[Метод. рекомендации] _e(В помощь лектору) _fХарьк. обл. организация о-ва "Знание" УССР |
|
| 210 |
_aХарьков _cБ. и. _d1976 |
||
| 215 |
_a[2], 28 с. _d20 |
||
| 300 | _aНа обороте тит. л. сост.: Куценко С.М., д. т. н., проф. Алешко П.И., к. т. н. доц. | ||
| 320 | _aБиблиогр.: с. 28 | ||
| 702 | 1 |
_aАлешко _bП.И. _4220 |
|
| 702 | 1 |
_aКуценко _bС.М. _4220 |
|
| 712 | 0 | 2 |
_a"Знание", общество УССР _cКиев _bХарьковское областное отделение _3RU\NLR\AUTH\889960572 _9417423 |
| 801 | 0 |
_aRU _bNLR _gpsbo |
|
| 801 | 1 |
_aRU _bELAR _2rusmarc |
|
| 852 |
_aNLR _j76-4/27559 |
||
| 942 | _cBOOK | ||
| 980 | _aNB | ||